00319nam a2200121Ia 4500008004100000020002200041041000800063082002400071100001400095245004900109260003000158300000900188230314s9999 xx 000 0 und d a978-81-312-5707-4 aeng aAD/610.6/CLE/B09537 aClement I aManagement of Nursing Services and Education bElsevieraNew Delhic2020 a720p